000 003540000a22001450004500
020 _a958-04-0945-5
082 0 4 _aG CJ C278a
100 1 _aCastilla, Julia Mercedes
245 1 0 _aAventuras de un niƱo de la calle / Julia Mercedes Catilla
260 _aBogota : Norma
300 _a196 P.
440 0 _aCol. Torre de Papel
001 936
942 _cLGB
999 _c48116
_d48116